Ritorno a Brideshead /

Guardat en:
Dades bibliogràfiques
Autor principal: Johnston, Adrian (Compositor)
Altres autors: Bernstein, Robert (Productor), Rae, Douglas (Productor), Atwell, Hayley (Actor), Davies, Andrew, (1936- ) (Scenarist), Loader, Kevin (Productor), Scacchi, Greta (Actor), Thompson, Emma (Actor), Goode, Matthew (Actor), Whishaw, Ben (Actor), Hall, Jess (Fotògraf), Jarrold, Julian (regista) (Director), Gambon, Michael (Actor), Brock, Jeremy (Scenarist)
Format: Diapositiva
Idioma:italià
anglès
Publicat: Milano : Walt Disney Studios home entertainment, [2009]
Etiquetes: Afegir etiqueta
Sense etiquetes, Sigues el primer a etiquetar aquest registre!

MARC

LEADER 00000ngm a22000007i 4500
001 IT\ICCU\UBO\3747094
003 ItRI
005 20260124182807.0
008 100118s2009 it |||||||||||||||k|||||c
028 4 2 |a 0168802Z3A 
028 4 2 |a BIA0168802Z3A  |b Buena Vista Home Entertainment 
028 4 2 |a BIB0168902  |b versione per il noleggio 
040 |b ita 
041 7 |a ita  |a eng  |2 ISO-639-2 
082 |a 791.43  |9 CINEMA  |2 19 
130 0 |a Brideshead Revisited <film ; 2008>  |3 IT\ICCU\UBO\3747115 
245 0 0 |a Ritorno a Brideshead /  |c diretto da Julian Jarrold ; scritto da Andrew Davies e Jeremy Brock ; ispirato dal romanzo di Evelyn Waugh ; direttore della fotografia: Jess Hall ; musiche di Adrian Johnston ; prodotto da Robert Bernstein, Douglas Rae, Kevin Loader ; cast: Matthew Goode, Ben Whishaw, Hayley Atwell ... [et al.]. 
260 |a Milano :  |b Walt Disney Studios home entertainment,  |c [2009] 
300 |a 1 DVD video (ca. 127 min.) ;  |c in contenitore, 19 cm 
500 |a Produzione cinematografica: Gran Bretagna, 2008 
500 |a Etichetta: Buena Vista Home Entertainment 
500 |a Caratteristiche tecniche: regione 2; 16x9, 2.40:1 adatto a ogni tipo di televisore; doppio strato; Dolby digital 5.1; color 
500 |a Tit. del contenitore 
500 |a Altri interpreti: Emma Thompson, Michael Gambon 
500 |a Lingue: italiano, inglese; sottotitoli: italiano, inglese, inglese per non udenti 
500 |a Contenuti speciali 
700 1 |a Waugh, Evelyn  |0 IT\ICCU\CFIV\000298  |4 ant 
700 1 |a Bernstein, Robert  |0 IT\ICCU\DDSV\203737  |4 pro 
700 1 |a Rae, Douglas  |0 IT\ICCU\DDSV\289414  |4 pro 
700 1 |a Atwell, Hayley  |0 IT\ICCU\LO1V\351265  |4 act 
700 1 |a Davies, Andrew,  |d  (1936- )  |0 IT\ICCU\MILV\180286  |4 sce 
700 1 |a Loader, Kevin  |0 IT\ICCU\MODV\595623  |4 pro 
700 1 |a Scacchi, Greta  |0 IT\ICCU\RAVV\090496  |4 act 
700 1 |a Thompson, Emma  |0 IT\ICCU\RAVV\091478  |4 act 
700 1 |a Goode, Matthew  |0 IT\ICCU\RAVV\425129  |4 act 
700 1 |a Whishaw, Ben  |0 IT\ICCU\RAVV\504726  |4 act 
700 1 |a Hall, Jess  |0 IT\ICCU\RAVV\555596  |4 pht 
700 1 |a Jarrold, Julian  |c  (regista)  |0 IT\ICCU\UBOV\063969  |4 drt 
700 1 |a Gambon, Michael  |0 IT\ICCU\UBOV\481380  |4 act 
700 1 |a Johnston, Adrian  |0 IT\ICCU\UBOV\493511  |4 cmp 
700 1 |a Brock, Jeremy  |0 IT\ICCU\UBOV\822641  |4 sce 
710 2 |a Walt Disney Studios Home Entertainment  |0 IT\ICCU\DDSV\345285  |4 pbl 
790 1 |a Waugh, Evelyn A.  |3 IT\ICCU\SBNV\006183  |z Waugh, Evelyn 
790 1 |a Scacchi Gracco, Greta  |3 IT\ICCU\SBNV\010428  |z Scacchi, Greta 
790 1 |a Gambon, Michael John  |3 IT\ICCU\SBNV\105246  |z Gambon, Michael 
791 2 |a Walt Disney Home Entertainment  |3 IT\ICCU\MODV\665266  |z Walt Disney Studios Home Entertainment 
942 |2 ddc  |c VM  |n 0 
952 |0 0  |1 0  |4 0  |6 VO_1848_000000000000000  |7 0  |9 26359  |a BO  |b BO  |d 2026-01-24  |i 14638  |l 0  |o VO 1848  |p BO14638  |r 2026-01-24 18:28:07  |w 2026-01-24  |x [Sebina 5] [1 dvd]  |y VM  |z 1 dvd 
999 |c 22277  |d 22277